000 00378nam a2200145Ia 4500
008 230917s9999||||xx |||||||||||||| ||und||
040 _e124219
_aMAIN
041 _aEnglish
082 _a810.9 T155M
100 _aTandon, Neeru
245 0 _aMargaret Atwood; A jewel in Canadain writings
260 _aNew Delhi
_bAtlantic Publishers
_c2009
300 _a225 p.
942 _cBK
999 _c147379
_d147379